<?xml version="1.0" encoding="UTF-8"?>
<collection xmlns="http://www.loc.gov/MARC21/slim">
 <record>
  <leader>02646nam a2200373 a 4500</leader>
  <controlfield tag="001">16798364</controlfield>
  <controlfield tag="003">BD-DhAAL</controlfield>
  <controlfield tag="008">110824s2011    enka     b    001 0 eng d</controlfield>
  <datafield tag="010" ind1=" " ind2=" ">
   <subfield code="a">  2011411170</subfield>
  </datafield>
  <datafield tag="020" ind1=" " ind2=" ">
   <subfield code="a">1848854706</subfield>
  </datafield>
  <datafield tag="020" ind1=" " ind2=" ">
   <subfield code="a">9781848854703 (hbk.)</subfield>
  </datafield>
  <datafield tag="040" ind1=" " ind2=" ">
   <subfield code="a">NLE</subfield>
   <subfield code="c">NLE</subfield>
   <subfield code="d">CDX</subfield>
   <subfield code="d">YDXCP</subfield>
   <subfield code="d">COO</subfield>
   <subfield code="d">BWX</subfield>
   <subfield code="d">CNAUC</subfield>
   <subfield code="d">IUL</subfield>
   <subfield code="d">VVC</subfield>
   <subfield code="d">UKM</subfield>
   <subfield code="d">BWK</subfield>
   <subfield code="d">LML</subfield>
   <subfield code="d">DLC</subfield>
   <subfield code="d">BD-DhAAL</subfield>
  </datafield>
  <datafield tag="082" ind1="0" ind2="4">
   <subfield code="a">307.760954922</subfield>
   <subfield code="2">22</subfield>
  </datafield>
  <datafield tag="100" ind1="1" ind2=" ">
   <subfield code="a">Hossain, Shahadat.</subfield>
   <subfield code="9">22001</subfield>
  </datafield>
  <datafield tag="245" ind1="1" ind2="0">
   <subfield code="a">Urban poverty in Bangladesh :</subfield>
   <subfield code="b">slum communities, migration and social integrations /</subfield>
   <subfield code="c">Shahadat Hossain.</subfield>
  </datafield>
  <datafield tag="260" ind1=" " ind2=" ">
   <subfield code="a">London :</subfield>
   <subfield code="b">I.B. Tauris,</subfield>
   <subfield code="c">2011.</subfield>
  </datafield>
  <datafield tag="300" ind1=" " ind2=" ">
   <subfield code="a">xii, 252 pages :</subfield>
   <subfield code="b">illustrations ;</subfield>
   <subfield code="c">22 cm</subfield>
  </datafield>
  <datafield tag="490" ind1="1" ind2=" ">
   <subfield code="a">Library of development studies ;</subfield>
   <subfield code="v">3</subfield>
  </datafield>
  <datafield tag="504" ind1=" " ind2=" ">
   <subfield code="a">Includes bibliographical references (p. [215]-239) and index.</subfield>
  </datafield>
  <datafield tag="505" ind1="0" ind2=" ">
   <subfield code="a">Overview of Dhaka City: its nature, growth and poverty -- Migration, poverty and marginality in urban contexts -- Theorizing urban poverty and marginality -- Features of urban poverty in Dhaka slums -- The social life of slum communities in Dhaka City -- Poor migrants and social integration into the city.</subfield>
  </datafield>
  <datafield tag="541" ind1=" " ind2=" ">
   <subfield code="e">00023368</subfield>
  </datafield>
  <datafield tag="650" ind1=" " ind2="0">
   <subfield code="a">Sociology, Urban</subfield>
   <subfield code="z">Bangladesh</subfield>
   <subfield code="z">Dhaka.</subfield>
   <subfield code="9">22002</subfield>
  </datafield>
  <datafield tag="650" ind1=" " ind2="0">
   <subfield code="a">Poverty</subfield>
   <subfield code="z">Bangladesh</subfield>
   <subfield code="z">Dhaka.</subfield>
   <subfield code="9">22003</subfield>
  </datafield>
  <datafield tag="651" ind1=" " ind2="0">
   <subfield code="a">Dhaka (Bangladesh)</subfield>
   <subfield code="x">Social conditions.</subfield>
   <subfield code="9">22004</subfield>
  </datafield>
  <datafield tag="830" ind1=" " ind2=" ">
   <subfield code="a">Library of development studies ;</subfield>
   <subfield code="9">58947</subfield>
  </datafield>
  <datafield tag="852" ind1="1" ind2=" ">
   <subfield code="a">Ayesha Abed Library</subfield>
   <subfield code="c">General shelf.</subfield>
  </datafield>
  <datafield tag="942" ind1=" " ind2=" ">
   <subfield code="2">ddc</subfield>
   <subfield code="c">BK</subfield>
  </datafield>
  <datafield tag="999" ind1=" " ind2=" ">
   <subfield code="c">11221</subfield>
   <subfield code="d">11221</subfield>
  </datafield>
  <datafield tag="952" ind1=" " ind2=" ">
   <subfield code="0">0</subfield>
   <subfield code="1">0</subfield>
   <subfield code="4">0</subfield>
   <subfield code="6">307_760954922000000_HOS</subfield>
   <subfield code="7">0</subfield>
   <subfield code="9">17923</subfield>
   <subfield code="a">BRACUL</subfield>
   <subfield code="b">BRACUL</subfield>
   <subfield code="c">GEN</subfield>
   <subfield code="d">2011-08-25</subfield>
   <subfield code="e">Trim Education</subfield>
   <subfield code="g">6450.00</subfield>
   <subfield code="l">2</subfield>
   <subfield code="m">2</subfield>
   <subfield code="o">307.760954922 HOS</subfield>
   <subfield code="p">3010023368</subfield>
   <subfield code="r">2016-08-09</subfield>
   <subfield code="s">2016-07-28</subfield>
   <subfield code="t">1</subfield>
   <subfield code="w">2011-08-25</subfield>
   <subfield code="y">BK</subfield>
   <subfield code="x">Available</subfield>
  </datafield>
  <datafield tag="952" ind1=" " ind2=" ">
   <subfield code="0">0</subfield>
   <subfield code="1">0</subfield>
   <subfield code="4">0</subfield>
   <subfield code="6">307_760954922000000_HOS</subfield>
   <subfield code="7">0</subfield>
   <subfield code="9">17924</subfield>
   <subfield code="a">BRACUL</subfield>
   <subfield code="b">BRACUL</subfield>
   <subfield code="c">GEN</subfield>
   <subfield code="d">2011-08-25</subfield>
   <subfield code="e">Trim Education</subfield>
   <subfield code="g">6450.00</subfield>
   <subfield code="l">2</subfield>
   <subfield code="m">7</subfield>
   <subfield code="o">307.760954922 HOS</subfield>
   <subfield code="p">3010023369</subfield>
   <subfield code="r">2012-12-26</subfield>
   <subfield code="s">2012-11-29</subfield>
   <subfield code="t">2</subfield>
   <subfield code="w">2011-08-25</subfield>
   <subfield code="y">BK</subfield>
   <subfield code="x">Available</subfield>
  </datafield>
  <datafield tag="952" ind1=" " ind2=" ">
   <subfield code="0">0</subfield>
   <subfield code="1">0</subfield>
   <subfield code="4">0</subfield>
   <subfield code="6">307_760954922000000_HOS</subfield>
   <subfield code="7">0</subfield>
   <subfield code="9">17925</subfield>
   <subfield code="a">BRACUL</subfield>
   <subfield code="b">BRACUL</subfield>
   <subfield code="c">GEN</subfield>
   <subfield code="d">2011-08-25</subfield>
   <subfield code="e">Trim Education</subfield>
   <subfield code="g">6450.00</subfield>
   <subfield code="l">3</subfield>
   <subfield code="m">1</subfield>
   <subfield code="o">307.760954922 HOS</subfield>
   <subfield code="p">3010023370</subfield>
   <subfield code="r">2024-04-30</subfield>
   <subfield code="s">2024-04-17</subfield>
   <subfield code="t">3</subfield>
   <subfield code="w">2011-08-25</subfield>
   <subfield code="y">BK</subfield>
   <subfield code="x">Available</subfield>
  </datafield>
  <datafield tag="952" ind1=" " ind2=" ">
   <subfield code="0">0</subfield>
   <subfield code="1">0</subfield>
   <subfield code="4">0</subfield>
   <subfield code="6">307_760954922000000_HOS</subfield>
   <subfield code="7">0</subfield>
   <subfield code="9">17926</subfield>
   <subfield code="a">BRACUL</subfield>
   <subfield code="b">BRACUL</subfield>
   <subfield code="c">GEN</subfield>
   <subfield code="d">2011-08-25</subfield>
   <subfield code="e">Trim Education</subfield>
   <subfield code="g">6450.00</subfield>
   <subfield code="l">0</subfield>
   <subfield code="o">307.760954922 HOS</subfield>
   <subfield code="p">3010023371</subfield>
   <subfield code="r">2011-08-25</subfield>
   <subfield code="t">4</subfield>
   <subfield code="w">2011-08-25</subfield>
   <subfield code="y">BK</subfield>
   <subfield code="x">Available</subfield>
  </datafield>
  <datafield tag="952" ind1=" " ind2=" ">
   <subfield code="0">0</subfield>
   <subfield code="1">0</subfield>
   <subfield code="4">0</subfield>
   <subfield code="6">307_760954922000000_HOS</subfield>
   <subfield code="7">0</subfield>
   <subfield code="9">17927</subfield>
   <subfield code="a">BRACUL</subfield>
   <subfield code="b">BRACUL</subfield>
   <subfield code="c">GEN</subfield>
   <subfield code="d">2011-08-25</subfield>
   <subfield code="e">Trim Education</subfield>
   <subfield code="g">6450.00</subfield>
   <subfield code="l">1</subfield>
   <subfield code="o">307.760954922 HOS</subfield>
   <subfield code="p">3010023372</subfield>
   <subfield code="r">2019-01-07</subfield>
   <subfield code="s">2018-09-04</subfield>
   <subfield code="t">5</subfield>
   <subfield code="w">2011-08-25</subfield>
   <subfield code="y">BK</subfield>
   <subfield code="x">Available</subfield>
  </datafield>
  <datafield tag="952" ind1=" " ind2=" ">
   <subfield code="0">0</subfield>
   <subfield code="1">0</subfield>
   <subfield code="2">ddc</subfield>
   <subfield code="4">0</subfield>
   <subfield code="6">307_760954922000000_HOS</subfield>
   <subfield code="7">0</subfield>
   <subfield code="9">60986</subfield>
   <subfield code="a">BRACUL</subfield>
   <subfield code="b">BRACUL</subfield>
   <subfield code="c">GEN</subfield>
   <subfield code="d">2017-07-31</subfield>
   <subfield code="e">Development Book Agency</subfield>
   <subfield code="g">6321.00</subfield>
   <subfield code="l">0</subfield>
   <subfield code="o">307.760954922 HOS</subfield>
   <subfield code="p">3010031989</subfield>
   <subfield code="r">2017-07-31</subfield>
   <subfield code="t">6</subfield>
   <subfield code="v">6321.00</subfield>
   <subfield code="w">2017-07-31</subfield>
   <subfield code="y">BK</subfield>
  </datafield>
 </record>
</collection>
